000 00902nam2a2200265 4500
001 RU\NLR\bibl\483703
005 20250623193436.0
010 _a5-94623-072-7
_912000
021 _aRU
_b2003-68731
_93395
035 _a(NLR Aleph) 000476457
090 _a1026354
_c1026354
100 _a20040128d2003 |||y0rusy50 ca
101 0 _arus
102 _aRU
105 _aa |||||||||
200 1 _aМатематика
210 _d2003
_aБ. м.
215 _a684,[1] c.
_cил., цв. ил.
320 _aУказ. имен, предм. указ.: с. 667-679
461 0 _1001RU\NLR\bibl\359359
_12001#$aЭнциклопедия для детей$vТ. 11
_9293653
_cМ.
_d1997
_fАванта+ [и др.]
_nАванта+
_tЭнциклопедия для детей
_y5-89501-001-6
_vТ. 11
801 0 _aRU
_bNLR
_c20040128
_gPSBO
801 1 _aRU
_bNLR
_c20040128
942 _cBOOK
980 _aNB